| 000 | 01745nam a2200493 i 4500 | ||
|---|---|---|---|
| 001 | 6869 | ||
| 003 | KOSZ 005 | ||
| 005 | 20221026141617.0 | ||
| 008 | 020201s1994 pl a f |001 0 pol | ||
| 015 | _aUWD 2002/3540 | ||
| 020 | _a838664401X | ||
| 035 | _a991017631789705066 | ||
| 035 | _a(PL-WaBN)b14768884-48omnis_nlop | ||
| 035 | _ab14768884 | ||
| 035 | _a(OCoLC)749780052 | ||
| 035 | _axx001104376 | ||
| 035 | _a(PL)b0000001476888 | ||
| 035 | _a(EXLNZ-48OMNIS_NETWORK)9910507353805606 | ||
| 040 |
_aWA N _cWA N _dKOSZ 005/HR |
||
| 041 | 0 | _apol | |
| 046 | _k1994 | ||
| 080 | _a004.42 | ||
| 080 | _a(07) | ||
| 100 | 1 |
_aGrzymkowski, Radosław _eAutor |
|
| 245 | 1 | 0 |
_aMathematica : _bnarzędzie inżyniera / _cRadosław Grzymkowski, Adam Kapusta, Damian Słota. |
| 260 |
_aGliwice : _bWydawnictwo Pracowni Komputerowej Jacka Skalmierskiego, _c1994. |
||
| 300 |
_a205 s. : _bil. ; _c24 cm. |
||
| 336 |
_aTekst _btxt _2rdacontent |
||
| 337 |
_aBez urządzenia pośredniczącego _bn _2rdamedia |
||
| 338 |
_aWolumin _bnc _2rdacarrier |
||
| 380 | _aKsiążki | ||
| 388 | _a1901-2000 | ||
| 388 | _a1989-2000 | ||
| 500 | _aNa okł. podtyt.: pochodne, całki, równania różniczkowe, metody numeryczne, optymalizacja, wizualizacja danych i wyników, programowanie obliczeń inżynierskich. | ||
| 504 | _aBibliogr. Indeks. | ||
| 650 | 7 |
_aMathematica (program komputerowy) _2DBN |
|
| 655 | 7 |
_aPodręcznik _2DBN |
|
| 658 | _aInformatyka i technologie informacyjne | ||
| 700 | 1 |
_aKapusta, Adam _eAutor |
|
| 700 | 1 |
_aSłota, Damian _eAutor |
|
| 856 |
_uhttp://koha.tu.koszalin.pl/cgi-bin/koha/opac-detail.pl?biblionumber=6869 _yKatalog online BPK |
||
| 942 |
_2UKD _cKS |
||
| 999 |
_c6869 _d6869 |
||